LEADER 01416nam 2200373 n 450 001 996391561903316 005 20221108082639.0 035 $a(CKB)1000000000669229 035 $a(EEBO)2240887669 035 $a(UnM)99850444 035 $a(EXLCZ)991000000000669229 100 $a19920304d1608 uy | 101 0 $aeng 135 $aurbn||||a|bb| 200 12$aA briefe description of the whole worlde$b[electronic resource] $eWherein is particularly described all the monarchies, empires and kingdomes of the same, with their academies. Newly augmented and enlarged; with their seuerall titles and scituations thereunto adioyning 205 $aThe third edition. 210 $aAt London $cPrinted [by R. Bradock] for Iohn Browne, and are to be sold at his shoppe in Saint Dunstans Churchyard in Fleetstreet$d1608 215 $a[160] p 300 $aBy George Abbot. 300 $aPrinter's name from STC. 300 $aSignatures: A-Uâ´. 300 $aReproduction of the original in the British Library. 330 $aeebo-0018 606 $aGeography$vEarly works to 1800$vEarly works to 1800 615 0$aGeography 700 $aAbbot$b George$f1562-1633.$01002222 801 0$bCu-RivES 801 1$bCu-RivES 801 2$bCStRLIN 801 2$bWaOLN 906 $aBOOK 912 $a996391561903316 996 $aA briefe description of the whole worlde$92300243 997 $aUNISA LEADER 02514nam 2200673 a 450 001 9910968487703321 005 20250513230154.0 010 $a9783110849448 010 $a3110849445 024 7 $a10.1515/9783110849448 035 $a(CKB)2670000000251727 035 $a(EBL)978547 035 $a(SSID)ssj0000608951 035 $a(PQKBManifestationID)11372531 035 $a(PQKBTitleCode)TC0000608951 035 $a(PQKBWorkID)10608458 035 $a(PQKB)11439491 035 $a(MiAaPQ)EBC978547 035 $a(WaSeSS)Ind00012645 035 $a(DE-B1597)54369 035 $a(OCoLC)1013961452 035 $a(OCoLC)840443974 035 $a(DE-B1597)9783110849448 035 $a(Au-PeEL)EBL978547 035 $a(CaPaEBR)ebr10599313 035 $a(OCoLC)854968552 035 $a(Perlego)1157452 035 $a(EXLCZ)992670000000251727 100 $a20130202d1989 uy 0 101 0 $ager 135 $aur|n|---||||| 181 $ctxt 182 $cc 183 $acr 200 10$aWeshalb Lügen kurze Beine haben $eüber Täuschungen im privaten und und deren Aufdeckung öffentlichen Leben Aus von dem Amerikanischen Ska Wiltschek /$fPaul Ekman 205 $aReprint 2010 210 $aBerlin ;$aNew York $cWalter de Gruyter$d1989 215 $a1 online resource (244 p.) 300 $aDescription based upon print version of record. 311 08$a9783110117332 311 08$a3110117339 320 $aIncludes bibliographical references and index. 327 $tFrontmatter --$tI. Einleitung --$tII. Lügen, undichte Stellen und Hinweise auf eine Täuschung --$tIII. Weshalb Lügen kurze Beine haben --$tIV. Wie man Täuschungen in der Sprache, an der Stimme oder am Körper entdecken kann --$tV. Täuschungshinweise im Gesicht --$tVI. Gefahren und Vorsichtsmaßnahmen --$tVII. Wie man kontrollieren kann, ob jemand lügt --$tEpilog --$tAnhang --$tRegister --$tBackmatter 330 $aWeshalb Lugen Kurze Beine Haben: Uber Tauschungen Und Deren Aufdeckung Im Privaten Und Offentlichen Leben. 606 $aTruthfulness and falsehood 606 $aBody language 615 0$aTruthfulness and falsehood. 615 0$aBody language. 676 $a305.3 686 $aBK 7300$2rvk 700 $aEkman$b Paul$0148574 701 $aWiltschek$b Ska$01809433 801 0$bMiAaPQ 801 1$bMiAaPQ 801 2$bMiAaPQ 906 $aBOOK 912 $a9910968487703321 996 $aWeshalb Lu?gen kurze Beine haben$94360213 997 $aUNINA